LDR 00839naa#a2200169#i#450# 001 RU\\bibl\121780 005 20260502071731.6 011 ## _a3034-4689 100 ## _a20260424b2026####ek#y0rusy0150####ca 102 ## _aRU 200 1# _aМЕТОД ОПРЕДЕЛЕНИЯ РЕЖИМНЫХ И КОНСТРУКТИВНЫХ ХАРАКТЕРИСТИК БАРБОТАЖНЫХ ТАРЕЛОК В АБСОРБЕРАХ ПО ЗАДАННОЙ ЭФФЕКТИВНОСТИ МАССОПЕРЕДАЧИ _eЖурнальная статья 210 1# _aКазань _cКазанский национальный исследовательский технологический университет _d2026 215 ## _a6 с. 608 ## _aЖурнальная статья _2local 700 #1 _aЛаптев _gА Г 700 #1 _aХамидуллин _gР. Н. 856 4# _avestniktu.ru _u